[Event "Moscow Aeroflot op"]
[Site "Moscow"]
[Date "2002.02.05"]
[Round "2"]
[White "Bu, Xiangzhi"]
[Black "Vasiukov, Evgeni"]
[Result "1-0"]
[WhiteElo "2593"]
[BlackElo "2524"]
[Annotator "Tyomkin,D"]
[PlyCount "125"]
[EventDate "2002.02.04"]
[EventType "swiss"]
[EventRounds "9"]
[EventCountry "RUS"]
[SourceTitle "CBM 088"]
[Source "ChessBase"]
[SourceDate "2002.03.21"]
[SourceVersion "1"]
[SourceVersionDate "2002.03.21"]
[SourceQuality "1"]

1. d4 f5 2. c4 Nf6 3. g3 g6 4. Bg2 Bg7 5. Nf3 O-O 6. O-O d6 7. Nc3 Qe8 8. d5
Na6 9. Rb1 Nc5 10. Nd4 {White has a large choice here, but 10.Nd4 looks the
most logical;} (10. b4 {(Dautov) N} Nce4 11. Bb2 (11. Nb5 {Dautov} Qd8 12. Bb2
(12. Qb3 {Tyomkin,D} a5 13. a3 c6 14. dxc6 bxc6 15. Nbd4 Qe8 16. c5+ Kh8 17.
Ng5 $6 a4 18. Qc2 e5 $15 {Skomorokhin,R-Tseshkovsky,V/Novgorod op 1995/0-1 (48)
}) 12... e5 13. dxe6 Bxe6 $10) (11. Nxe4 $1 {Dautov} Nxe4 (11... fxe4 {Dautov}
12. Nd4 (12. Ng5 $5 {Dautov} Bf5 13. Ne6 (13. Bb2 {Tyomkin,D} e5 14. dxe6 h6
15. Bxf6 Rxf6 16. Nxe4 Rxe6 17. f3 Bxe4 18. fxe4 Re5 $11 {Yermolinsky,
A-Reinderman,D/Koop Tjuchem op 1996/1/2-1/2(44)}) 13... Bxe6 14. dxe6 $14)
12... e6 (12... e5 {Dautov} 13. Nb5 Rf7 14. Bg5 Bf5 15. Bxf6 Bxf6 16. e3 $16 {
/\Nc3}) 13. Nb5 Qf7 14. Bg5 exd5 15. cxd5 Nxd5 16. Bxe4 Nb6 17. Rc1 $16) 12.
Bb2 Bxb2 (12... Nc3 {Dautov} 13. Bxc3 Bxc3 14. Nd4 Bxd4 (14... f4 {(Dautov)
Belov} 15. Qd3 Bxd4 16. Qxd4 Qf7 $10) 15. Qxd4 $14) 13. Rxb2 e5 14. dxe6 Bxe6
15. Nd2 Nxd2 16. Qxd2 Bxc4 17. Bxb7 Rb8 18. Rc1 Rxb7 19. Rxc4 $14) 11... e5 12.
dxe6 (12. Nxe4 {Dautov} Nxe4 13. Nd2 Nxd2 14. Qxd2 $10) (12. Nd2 {Dautov} Nxc3
(12... Nxd2 {(Dautov) Belov} 13. Qxd2 f4 $10) 13. Bxc3 g5 14. c5 h5 $5 15. Nc4
b5 16. Na5 h4 $40) 12... Bxe6 13. Nxe4 (13. Nd2 {(Dautov) Belov} Nxd2 14. Qxd2
c6 15. b5 Rc8 $13) 13... fxe4 (13... Nxe4 {Dautov} 14. Bxg7 Kxg7 15. Qd4+ (15.
Qc2 {(Dautov) Belov} Qf7 16. Rbc1 $14) 15... Kg8 16. Nd2 $5 $14) 14. Nd2 Bf5 (
14... e3 $6 {Dautov} 15. fxe3 Bf5 (15... Ng4 {Dautov} 16. Bxg7 Kxg7 17. Bxb7 (
17. Qb3 $16 {(Dautov) Belov}) 17... Nxe3 18. Rxf8 Qxf8 19. Qb3 $16) (15... c6
$5 {Dautov} 16. Qc2 $14) 16. e4 Nxe4 17. Nxe4 Bxb2 (17... Bxe4 $2 {Dautov} 18.
Rxf8+ Bxf8 19. Qd4 $18) 18. Rxb2 Bxe4 19. Rxf8+ Kxf8 20. Qd4 Bxg2 21. Qh8+ Ke7
22. Qxh7+ Qf7 23. Qxf7+ Kxf7 24. Kxg2 $16) 15. e3 Qe6 $10) (10. b3 {(Dautov)
Belov} a5 11. Bb2 c6 12. Nd4 Bd7 $10) (10. Nb5 $5 {(Dautov) Krasenkov} Qd8 11.
Nbd4 Bd7 (11... a5 {Tyomkin,D} 12. Ng5 Bd7 13. Nh3 Qe8 14. Nf4 c6 15. b3 cxd5 {
1/2-1/2 Malaniuk,V-Vasiukov,E/RUS-Cup2 1996}) 12. Ng5 Qc8 13. Nh3 c6 14. Nf4 e5
15. dxe6 Nxe6 16. Ndxe6 Bxe6 17. b3 Rd8 18. Bb2 Bf7 19. Qc2 Qc7 20. Rbd1 Qe7) (
10. Be3 $146 {[%cal Ge3d4] (Tyomkin,D) The new move in well-known position.But
this move also doesn't achive clear advantage for white. Meulders: Ein neuer
Versuch. Die Alternatieven haben Weiß noch nicht viel eingebracht:} Nfe4 (10...
e5 $5 {Tyomkin,D} 11. dxe6 Bxe6 12. b4 (12. b3 {Tyomkin,D} Nfe4 13. Nxe4 Nxe4
14. Qd3 $11) (12. Nd5 {(Tyomkin,D) Meulders} Bxd5 13. cxd5 Nfe4 14. Nd2 {
0.25-0.50 1/2-1/2 Alonso,R-Valdes,L/Capablanca mem-C 1995/EXT 95}) 12... Nce4
13. Nxe4 fxe4 (13... Nxe4 {Tyomkin,D}) 14. Nd2 Qf7 15. Qc2 $13) 11. Nxe4 Nxe4 {
Meulders: Bis zum Ende der Partie steht dieser Springer wie einFels in der
Brandung gegen Bg2. Statt den Bg7 zu beseitigen hätte Weiß versuchen können
den Ne4 zu vertreiben mittels z.B. 12.Nd2} 12. Bd4 (12. Nd2 {(Tyomkin,D)
Meulders} Nf6 13. Bd4 e5 14. dxe6 Qxe6 15. e3 c6 16. Qc2 $14) 12... Bxd4 13.
Nxd4 e5 14. dxe6 Bxe6 15. Qc2 Qf7 16. Nxe6 (16. Bxe4 $6 {Tyomkin,D} fxe4 17.
Qxe4 Bh3) (16. b3 {Tyomkin,D} Rae8 17. Nb5 a6 18. Nc3 Nxc3 19. Qxc3 d5 20. cxd5
Bxd5 21. Bxd5 Qxd5 22. Rfd1 Qf7) 16... Qxe6 17. Rfd1 $14 {1/2-1/2 Shipov,
S-Malaniuk,V/Maikop 1998/CBM 66/[Tyomkin,D] (37) /=}) 10... Bd7 {White doesn't
get any clear advantage in 10..a5 and 10..e5 lines:} (10... a5 {Dautov} 11. Nb3
$146 (11. b3 {Dautov} Bd7 12. Ba3 (12. a3 {Tyomkin,D} Ng4 $6 13. h3 Ne5 14. f4
Nf7 15. Be3 Rb8 16. Bf2 c6 17. b4 axb4 18. axb4 Na6 19. e4 $16 {Hjartarson,
J-Graves,P/US-op 1997/1-0(30)}) 12... c6 13. Bxc5 dxc5 14. Ne6 Bxe6 15. dxe6
Qb8 16. Na4 Qe5 17. Qd2 Rfd8 18. Qf4 Qxf4 19. gxf4 Rd2 $10 {Mohr,G-Vasiukov,E/
Voskresensk 1990} 20. e3 Rxa2 21. Nxc5 Rb8 $10 {Mohr-Vasiukov/Voskresensk/1990}
) (11. e3 {(Dautov) Johnson,M}) 11... Nfe4 (11... Nxb3 $142 $1 {(Dautov)
Johnson,M} 12. axb3 (12. Qxb3 {Dautov} b6 13. Be3 Ng4 14. Bf4 h6 $15) 12... Bd7
13. Be3 b6 14. Qd2 Qf7 15. Bh6 Bxh6 16. Qxh6 Rae8 17. Qd2 e5 18. dxe6 Bxe6 $15)
12. Nb5 (12. Nxe4 {Tyomkin,D} Nxe4 13. Nd2 Nc5 14. Nb3 Ne4 15. Nd2 Nc5 {
1/2-1/2 Agamaliev,G-Malaniuk,V/MK Cafe op 1997}) 12... Nxb3 13. axb3 Qd8 $10 {
1-0 Terekhov,A-Vasiukov,E/St Petersburg 1996/CBM 52/[Dautov] (33)} 14. Nd4 Bd7
15. Be3 c6 16. Bxe4 fxe4 17. Qc2 Bxd4 18. Bxd4 Bf5 $11 {Terekhov,A-Vasiukov,E/
Petrov mem 1996/1-0(32)}) (10... e5 {Tyomkin,D} 11. dxe6 Nxe6 12. Nxe6 Qxe6 13.
Qd3 Re8 14. Nd5 Qf7 15. Nxf6+ Bxf6 16. b3 Rb8 17. Be3 {1/2-1/2 Adorjan,
A-Malaniuk,V/Alushta4 1994}) 11. b4 Nfe4 (11... Nce4 12. Bb2 (12. Nxe4 Nxe4 13.
Qd3 Qf7 14. f3 Nf6 15. e4 c5 $2 (15... e5 $142) 16. bxc5 dxc5 17. Nb3 $16 {
1/2-1/2 Schwartzman,G-Sloan,T/Chicago 1994/EXT 97 (44). (44)}) 12... c6 13. Nb3
Qf7 14. Nxe4 Nxe4 (14... fxe4 $5 15. Bxf6 Qxf6 16. Bxe4 $44) 15. Bxg7 Qxg7 16.
Rc1 $14 {1/2-1/2 Tunik,G-Malaniuk,V/St Petersburg 1994/CBM 43 ext (50). (50)})
12. Bb2 (12. Ncb5 $5 Na6 {[%cal Gc7c6]} 13. f3 Nf6 {[%cal Gc7c6,Ye7e5,Ge7e6]}
14. e4 fxe4 15. fxe4 c6 $132 {[%cal Gc6c5]}) 12... Nxc3 13. Bxc3 Ne4 14. Ba1 e5
15. dxe6 Bxe6 16. Qc2 Rf7 17. Nxe6 Qxe6 18. Bxg7 Kxg7 {Well known scenarion in
Dutch Leningrad- black got almost all light pieces traded;} 19. Rb3 $1 $14 {
[%cal Gb3e3] That's the only way for white to reach something here- the idea
is Re3 and then f3 replacing black knight from the centre;} c6 (19... Re8 20.
Re3 d5 21. cxd5 Qxd5 22. Rd1 Qe6 $14 {but white has clear edge here too;}) 20.
Rd1 d5 21. Re3 {Unusual place for the rook- but it's very useful there;} (21.
cxd5 cxd5 22. Rbd3 Rd8 23. e3 $14 {[%csl Rd5]}) 21... Qe5 22. cxd5 cxd5 23. Qd3
(23. f3 f4 $1) 23... Rc8 $1 {Sacrificing pawn for initiative in forthcoming
ending;} (23... Rd8 24. Bxe4 fxe4 25. Rxe4 $1 {[%cal Gd3d8]}) 24. Qxd5 Qxd5 25.
Rxd5 Rc1+ 26. Bf1 Rfc7 {[%mdl 4096] All black pieces are very active and the
question is if this iniitiative is enough to reach a draw;} 27. f3 Nf6 $6 {
It makes the knight passive for a while;  The right way was to move this
knight inside hurting white pawns:} (27... Nc3 28. Rd2 Nb1 29. Rb2 (29. Rd6 Nc3
30. a3 Ra1 $132) 29... b5 30. Rd3 Kf6 {[%cal Gf6e6,Yc7c2] with good chances to
save the game thanks to very active pieces;}) 28. Rde5 $14 {[%cal Ge5e7]} Kf7
29. Kf2 h5 30. h4 b6 31. Rd3 Rd7 (31... Nd7 32. Red5 Nf6 33. Rd6 Ke7 $14) 32.
Rxd7+ Nxd7 33. Re3 Nf6 {Letting white to transfer his rook to a3; There was a
way to prevent it:} (33... Rb1 $142 34. a3 Rc1 {and white doesn't have a3 spot
for the rook;}) 34. Ra3 $1 Rc7 35. b5 $1 {[%csl Ra7] restraining black rook,
and fixing a7-pawn;} Ke6 36. Bg2 Kd6 37. f4 Ng4+ 38. Ke1 Rc1+ 39. Kd2 Rg1 40.
Bc6 Nf6 41. Rxa7 Rxg3 42. Rf7 Ng4 (42... Ne4+ $5 {[%cal Ge4c5]} 43. Bxe4 $8
fxe4 {[%cal Gd6c5]} 44. Rg7 {[%cal Gf4f5]} Kd5 45. f5 Ra3 {with drawing
chances as this is always in rook endings;}) 43. e4 Rg2+ (43... fxe4 44. Bxe4
Rh3 45. Bxg6 Rxh4 46. Kd3 $1 $16) 44. Kc3 fxe4 45. Bxe4 {[%csl Ge4,Yg4] White
bishop is obviously stronger than black knight is this usually happens in open
positions;} Rxa2 46. Bxg6 Rh2 47. Kd4 $1 Rd2+ 48. Kc4 Ne3+ 49. Kc3 Rh2 $2 (
49... Rf2 {[%cal Ge3d5,Ge3g2]} 50. Kd4 Nd5 51. Ke4 Nc3+ 52. Kf5 Nxb5 53. Bxh5
Nc3 $1 {[%cal Gc3d5] and this is very close to draw here;}) 50. Kd4 $1 {
White wins tempos by moving the king over those squares over triangle- typical
motive in endings, especially in pawn' endings;} Nd5 51. Be4 $2 {[%mdl 4096]
Missing black's tactical idea;} (51. Rf8 $142 $16) 51... Rd2+ 52. Kc4 Ne3+ $2 {
[%mdl 4096] What a chance black missed here!} (52... Nxf4 $1 53. Rxf4 Ke5 54.
Rf5+ Kxe4 55. Rxh5 Rd4+ 56. Kc3 Rd3+ 57. Kc2 Rh3 $11 {White king is cutted off
while black got his pieces on the right positions- king is centralized and the
rook is behind passed pawn;}) 53. Kc3 Rh2 54. Kd4 {Third triangle is completed!
} Ng4 $2 {Black is hopeless here already, while he could play more resistantly;
} (54... Nd5 $142 55. Bxd5 Rd2+ 56. Ke4 Rd4+ $3 57. Kf5 (57. Kxd4 {stalemate!})
57... Rxd5+ 58. Kg6 Rxb5 59. f5 Rb1 {[%cal Gb1g1,Gb6b5] and white probably
wins here too;}) 55. Rb7 $18 {White wins "b6" reaching another passed pawn;}
Rd2+ (55... Rxh4 56. Bf5 $1 {[%cal Rb7d7]} Nf6 (56... Ne5 57. Rxb6+ Kc7 58. Rf6
Rxf4+ 59. Kxe5 Rb4 60. Bd3 {saving white's only pawn;}) 57. Rxb6+ Ke7 58. Re6+
Kf7 59. b6 $1 $18 Rxf4+ $140 60. Ke5 {[%csl Rf4,Rf6]}) 56. Kc4 Ne3+ 57. Kc3 Rf2
58. Kd4 {and this is triangle no.4!} Ng4 59. Rxb6+ Ke7 60. f5 Nf6 61. Re6+ Kf7
62. b6 Rb2 63. Bf3 {[%csl Gb6,Gf5][%cal Gb6b7] Two passed pawns are enough to
win the game here;} 1-0

[Event "GER CupT"]
[Site "Forchheim"]
[Date "2000.03.18"]
[Round "1"]
[White "Kengis, Edvins"]
[Black "Heidrich, Manfred"]
[Result "1-0"]
[WhiteElo "2574"]
[BlackElo "2396"]
[Annotator "Tyomkin,D"]
[PlyCount "45"]
[EventDate "2000.03.18"]
[EventType "team"]
[EventRounds "2"]
[EventCountry "GER"]
[SourceTitle "CBM 076"]
[Source "ChessBase"]
[SourceDate "2000.05.31"]
[SourceVersion "1"]
[SourceVersionDate "2000.05.31"]
[SourceQuality "1"]

1. Nf3 f5 2. g3 Nf6 3. Bg2 g6 4. d4 Bg7 5. b4 d6 6. Bb2 O-O (6... e5 $5 7. dxe5
Ng4) (6... Nc6 7. a3 (7. c4 $5 e5 8. dxe5 Ng4 $13) 7... e5 8. dxe5 Ng4 9. Nbd2
Ncxe5 10. Nxe5 Nxe5 11. Nc4 Qe7 $1 {1/2-1/2 Chernuschevich,A-Malaniuk,V/Zepter
Open, Minsk BLR 1998 (28)}) 7. c4 Qe8 (7... Ne4 8. Qb3 (8. Nbd2 c5 $1 9. Nxe4
fxe4 10. Ng5 Nc6 11. Bxe4 $6 Nxd4 12. O-O e6 $15 {0-1 Janssen,R-Zhang Zhong/
Calicut IND 1998 (33)}) 8... e6 9. O-O Nd7 10. Nc3 Nxc3 11. Bxc3 Qe7 12. Rfe1
Nf6 13. Nd2 {[%cal Ge2e4]} e5 14. dxe5 dxe5 15. e4 $14 {1/2-1/2 Rustemov,
A-Shishkin,V/Swidnica POL 1999 (63)}) 8. O-O c6 (8... e5 9. dxe5 Ng4 10. Nc3
$14) 9. Nbd2 $146 ({Another logical continuation looks quite strong too:} 9.
Qb3 $5 Ne4 10. Nfd2 Nxd2 11. Nxd2 e5 12. c5+ Kh8 $2 {Leads to losing position.}
(12... Be6 $142 13. d5 Bf7 14. cxd6 Nd7 {but still looks very dangerous for
black.}) 13. cxd6 exd4 14. Qd3 $16 {1-0 Hausrath,D-Lane,G/Antwerp BEL 1998 (25)
}) 9... e5 $2 (9... Nbd7 $142 $14) 10. dxe5 Ng4 11. c5 $1 $16 {[%cal Yd2c4,
Gd1b3] White gets important c4-square for the knight and opens the diagonal
a2-g8, intending Qb3.} d5 (11... dxe5 12. Nc4 e4 13. Nd6 Qe7 14. Bxg7 Kxg7 15.
Nd4 $16 {[%csl Gd6][%cal Gh2h3,Yd1d2]}) (11... dxc5 12. bxc5 {[%cal Gd1b3,
Yb3c3]} Qe7 13. Nc4 $16) 12. Qb3 $1 {[%cal Ge2e4]} Kh8 {Pawn e5 in unviolable:}
(12... Nxe5 $4 13. Nxe5 Bxe5 14. Bxd5+ $18) (12... Bxe5 $4 13. Nxe5 Nxe5 14.
Qc3 $18) (12... Nd7 13. e4 fxe4 14. Nxe4 Ndxe5 15. Nxe5 $16 {[%cal Ge4d6,Ga1e1]
}) 13. Rae1 Nxe5 $2 {Black doesn't feel a danger.} (13... Nd7 14. e6 Qxe6 (
14... Ndf6 15. Nd4 Bxe6 16. e4 $1 (16. f3 $143 Ne5) 16... fxe4 (16... Nxe4 17.
Nb1 $3 $18 {[%cal Rf2f3]}) 17. Nxe4 (17. Bxe4 Nxe4 18. Nxe4 $16) 17... Nxe4 18.
Bxe4 $16)) 14. Nxe5 Bxe5 {[%tqu "En","White may decide the game by one strong
move.","","","e2e4","Decisive break! White has got such great position by not
sacrificing even a pawn!",10]} 15. e4 $1 $18 {Decisive break! White has got
such great position by not sacrificing even a pawn!} Bxb2 (15... fxe4 16. Nxe4
dxe4 17. Rxe4 Nd7 18. f4 $1 {[%cal Gf4e5] keeping an attack.}) 16. Qxb2+ Kg8
17. exd5 Qf7 18. Nc4 {[%cal Gc4d6]} Qg7 19. Qxg7+ Kxg7 20. Nd6 {[%cal Rd6e8]}
Na6 21. dxc6 bxc6 22. Bxc6 Rb8 23. a3 1-0

[Event "Sufe Cup"]
[Site "Shanghai"]
[Date "2000.03.12"]
[Round "10"]
[White "Filippov, Valerij"]
[Black "Zhang, Zhong"]
[Result "0-1"]
[WhiteElo "2584"]
[BlackElo "2611"]
[Annotator "Tyomkin,D"]
[PlyCount "106"]
[EventDate "2000.03.03"]
[EventType "tourn"]
[EventRounds "13"]
[EventCountry "CHN"]
[EventCategory "13"]
[SourceTitle "CBM 076"]
[Source "ChessBase"]
[SourceDate "2000.05.31"]
[SourceVersion "1"]
[SourceVersionDate "2000.05.31"]
[SourceQuality "1"]

1. c4 f5 2. Nf3 Nf6 3. g3 g6 4. Bg2 Bg7 5. O-O O-O 6. Nc3 d6 7. d4 Qe8 8. Re1
Qf7 9. b3 Ne4 10. Bb2 Nd7 $5 {Black simply moves another knight to e4.  10...
Nc6 was played more frequently, but 10...Nd7 almost equalizes.} (10... Nc6 {
Tyomkin,D} 11. Rc1 e5 12. d5 Nb4 $146 (12... Nxc3 13. Bxc3 Nb8 $146 {[%csl Re5]
[%cal Gb8d7,Gd7c5,Ge5e4,Gd7e5,Gb8a6] 1/2-1/2 Pigusov,E-Zhang Zhong/Beijing
1997/CBM 61/[Tyomkin,D] (42)}) 13. a3 Nxc3 14. Rxc3 (14. Bxc3 $2 Na2) 14... Na6
15. b4 Qe7 16. Nd2 Bd7 $6 {1-0 Filippov,V-Malaniuk,V/Samara 1998/CBM 67/
[Tyomkin,D] (35)} (16... e4 $142)) 11. Rc1 $146 {This move doesn't look like
an improvement of previous game of same Filippov in this variation.} (11. Qc2
Ndf6 12. d5 e5 13. dxe6 Bxe6 14. Nxe4 Nxe4 15. Bxg7 Kxg7 {1/2-1/2 Filippov,
V-Onischuk,A/Elista (ol) 74/(89) 1998/Inf 74 (15)}) 11... Ndf6 12. e3 Nxc3 13.
Rxc3 Ne4 14. Rc2 c6 15. Nd2 Nxd2 16. Rxd2 Bd7 (16... e5 $6 17. dxe5 dxe5 18.
Qa1 {[%cal Ge1d1]}) 17. d5 Rac8 {Probably black is a bit worse because of less
space, but after exchange of all knights, black should get equality without
troubles.} 18. f4 {Intending to play e3-e4. Without f2-f4, white would get
f5-f4 on its e3-e4.} Bxb2 19. Rxb2 Qf6 20. Rf2 Rf7 21. h4 a6 {[%cal Gc6c5,
Yb7b5] That is a preparation to c6-c5 and then b7-b5,as it was in the game.}
22. e4 fxe4 23. Bxe4 c5 24. Bf3 (24. h5 g5 25. Qd2 Rcf8 26. Ref1 Qh6 {[%csl
Rh5]}) 24... b5 {Black has got a counterplay on the queenside. In close future
pawn c4 will be weaker than e7.} 25. Bg4 Bf5 26. h5 $2 {Nervious decision of
white.} (26. Bxf5 Qxf5 27. Kg2 bxc4 28. bxc4 Rb8 29. a3 {[%csl Gb4]} Qf6 {
and it should be draw.}) 26... gxh5 27. Bxf5 (27. Bxh5 Rg7 $40 {[%cal Gg8h8,
Yc8g8]}) 27... Qxf5 28. Rh2 Rg7 29. Kf2 Qg6 30. Qf3 bxc4 31. Rxh5 $2 {After
this mistake white is hopeless.} (31. bxc4 Rb8 32. Re2 Rb4 $15 {[%csl Rc4,Rf2]}
(32... Qf6 {[%cal Gf6d4]} 33. Qd3 Qa1 34. Rxh5 Rb1 35. Qe3 $1 {[%cal Re3e6]}
Rf1+ 36. Kg2 Rg1+ 37. Qxg1 Rxg3+ 38. Kxg3 Qxg1+ 39. Rg2 Qe3+ 40. Kg4 $1 {
and position is draw about.} (40. Kh2+ Kf8 $17 {[%csl Rc4,Rf4]}))) 31... cxb3
32. Rg5 (32. axb3 Rb8 $17 (32... c4)) 32... Qxg5 $1 33. fxg5 Rf8 34. axb3 Rxf3+
35. Kxf3 Rxg5 $19 {This rooks ending with two pawns up for black is easily
winning.} 36. Rxe7 Rxd5 37. Rd7 h5 $1 {[%cal Gg8f8,Gf8e8] Removing the pawn
out of attack and intending to move the king to d-pawn.} 38. Ke4 Rd4+ 39. Kf5
Rd3 40. Ke4 Rd4+ {Probably black just completed 40 moves time control with
this repeatition.} 41. Kf5 Rd3 42. Ke4 Rxb3 43. Rxd6 Rxg3 44. Rxa6 Kh7 45. Kf4
(45. Ra5 Rc3 46. Kf5 h4 47. Ra7+ Kh6 48. Ra6+ Kh5 49. Ra8 Rf3+ 50. Ke4 Rf1 $19)
45... h4 46. Rc6 Rc3 47. Kf5 h3 48. Rc7+ Kg8 49. Rc8+ Kf7 50. Rc7+ Ke8 51. Rh7
c4 52. Kf6 (52. Ke4 Rd3 $22 {and white is in zugzwang-with the next move white
lets black to go forward with the king or with one of pawns.}) 52... Re3 53.
Ra7 h2 0-1

[Event "RUS-Cup final"]
[Site "Samara"]
[Date "1998.09.04"]
[Round "6"]
[White "Filippov, Valerij"]
[Black "Malaniuk, Vladimir P"]
[Result "1-0"]
[WhiteElo "2595"]
[BlackElo "2590"]
[Annotator "Tyomkin,D"]
[PlyCount "70"]
[EventDate "1998.08.??"]
[EventType "tourn"]
[EventRounds "11"]
[EventCountry "RUS"]
[SourceTitle "CBM 067"]
[Source "ChessBase"]
[SourceDate "1998.11.30"]
[SourceVersion "2"]
[SourceVersionDate "1998.11.01"]
[SourceQuality "1"]

1. Nf3 f5 2. c4 Nf6 3. g3 g6 4. Bg2 Bg7 5. O-O O-O 6. Nc3 d6 7. d4 Qe8 8. Re1
Qf7 9. b3 Ne4 10. Bb2 Nc6 11. Rc1 e5 (11... h6 12. Rf1 (12. d5 Nb4 13. Nd4 c5 (
13... Nxc3 $5) 14. dxc6 Nxc6 15. e3 Bd7 16. Nxe4 fxe4 17. Rf1 Bf5 18. g4 Bd7
19. Bxe4 Kh7 20. h3 Nxd4 21. Bxd4 Bc6 22. Bxc6 $16 {1/2-1/2 Filippov,
V-Vyzmanavin,A/RUS-ch m1-2 Elista 1997}) 12... Nxc3 13. Bxc3 e5 14. d5 Ne7 15.
Nd2 (15. b4 $5) 15... a5 16. e4 b6 17. exf5 Bxf5 (17... gxf5 18. f4) 18. Ne4
Kh7 19. Qe2 Ng8 20. Rce1 $14 {Gavrikov,V-Malaniuk,V/URS-ch53 Kiev 1986/URS-ch/
1/2-1/2(29)}) (11... a5 12. e3 e6 13. Qe2 {[%cal Rc3e4,Gf3g5,Ye2f2]} d5 14. Nb5
a4 15. cxd5 exd5 16. Ne5 Bxe5 17. dxe5 axb3 18. axb3 Qe7 19. f3 $14 {[%csl Rd5]
1/2-1/2 Sapi,L-Vasiukov,E/Stary Smokovec 1988/EXT 88}) (11... Nxc3 $6 12. Bxc3
e5 $2 13. dxe5 dxe5 14. Qd5 $1 {[%cal Rf3e5,Rf3g5]} e4 (14... Be6 15. Qb5 {
[%csl Rb7,Re5][%cal Rf3g5]}) 15. Ng5 Qxd5 16. cxd5 Ne5 17. f4 $18 exf3 18. exf3
{1-0 Lesiege,A-Ross,D/Quebeck op 1994/EXT 94op}) 12. d5 Nb4 $146 (12... Nxc3
13. Bxc3 Nb8 $146 {[%csl Re5][%cal Gb8d7,Gd7c5,Ge5e4,Gd7e5,Gb8a6]} (13... Ne7
14. Ng5 Qe8 (14... Qf6 15. f4 h6 16. Nf3 $16) 15. b4 (15. f4 $1 {Dolmatov} h6 (
15... e4 16. Bxg7 Kxg7 17. Qd4+ Kg8 18. c5 h6 19. Nh3 Qf7 20. Red1 Bd7 21. Nf2
$14) 16. Nf3 e4 17. Bxg7 Kxg7 18. Qd4+ Kh7 19. Nd2 Qf7 20. Nf1 g5 (20... Bd7
21. Ne3 g5 22. c5 $40) (20... a5 21. Ne3 b6 22. g4 Bd7 $14) 21. fxg5 $1 (21.
Ne3 gxf4 22. gxf4 Ng6 23. Rf1 b6 $132) 21... hxg5 22. g4 {Filippov,
V-Vyzmanavin,A/Novgorod op 1995/1/2-1/2 (75)}) 15... h6 16. Ne6 Bxe6 17. dxe6
Qc8 18. e4 Qxe6 19. exf5 Qxf5 20. f4 Rae8 21. fxe5 dxe5 22. Qe2 (22. Bxb7 Qf2+
(22... c6 $5) 23. Kh1 Qxa2 24. Qe2 Qb3) 22... c6 23. Rcd1 Rd8 24. Rxd8 {
1/2-1/2 Lukacs,P-Hoang Thang Trang/Budapest FS04 GM 1996/EXP 52}) 14. c5 (14.
Ng5 Qe7 15. Ne6 Bxe6 16. dxe6 c6) (14. Nd2 f4 $132) 14... Na6 15. b4 (15. cxd6
$5 cxd6 16. Ng5 Qe7 17. Ne6 Bxe6 18. dxe6 Nc5 19. Qd5 {[%csl Rd6,Ge6][%cal
Rc1d1,Re1d1,Rd1d2]} Rad8 (19... Nxe6 20. Qxb7 Qxb7 21. Bxb7 Rab8 22. Bd5 $14)
20. Red1 b6 {[%csl Re6]} 21. Bb4 $132) 15... e4 16. Ng5 Qe7 17. Bxg7 Kxg7 (
17... Qxg7 18. cxd6 cxd6 19. Qd2 $16 {[%csl Ra6,Rd6][%cal Gg5e6] <->c}) 18.
Qd4+ Kg8 19. h4 h6 20. Nh3 $14 {[%cal Gh3f4] Pigusov,E-Zhang Zhong/3rd TCN Cup,
Beijing CHN 1997/1/2=1/2(42)}) 13. a3 Nxc3 14. Rxc3 (14. Bxc3 $2 Na2) 14... Na6
15. b4 Qe7 16. Nd2 Bd7 $6 (16... e4 $142 17. Qc2 (17. Rb3 Bxb2 18. Rxb2 e3 19.
fxe3 (19. Nf3 exf2+ 20. Kxf2 f4 $132) 19... Qxe3+ 20. Kh1 Qxa3) (17. Rc2 e3)
17... Bd7 {like in the game,but queen on-c2(or on-b3-in case of 17.Qb3)stands
worse than on-d2.} (17... Bxc3 18. Qxc3 Qe5 19. Qxe5 dxe5 20. Bxe5 $14 {
[%csl Re5,Yf3][%cal Gd2b3,Yb4b5,Yf2f3] /+/-} Bd7 21. b5 Nc5 22. Bxc7 $16)) 17.
Nb3 Rad8 18. c5 Ba4 $2 (18... e4 19. c6 (19. Rc2 $6 Bxb2 20. Rxb2 Ba4) (19. Qd2
Bxc3 (19... Ba4 20. c6 {-see the game}) 20. Qxc3 Qe5 21. Qd2 (21. Qxe5 $2 dxe5
22. Bxe5 Ba4 $1) 21... Qe7 22. Qd4 $11) 19... Bxc3 20. Bxc3 bxc6 21. dxc6 Be6 (
21... Bxc6 22. b5 Bxb5 23. Qd5+ Rf7 24. Qxb5 Rb8 25. Qc4 $16 {[%cal Ge2e3,
Gg2f1]}) 22. Na5 $44 {[%cal Ge2e3,Gg2f1,Gd1d4]} (22. Nd4 Bc4 23. Qa4 Qf7 $17))
19. c6 $1 $16 {[%csl Ra6] playing against Na6.} bxc6 20. dxc6 {Na6 will never
come back from the prison "a6-b8".} e4 21. Qd2 $1 Nb8 (21... Bxc3 22. Qxc3 Bxb3
23. Qxb3+ Rf7 24. Qa4 Nb8 25. b5 $16) 22. Nd4 a6 (22... Qe5 23. e3 {[%cal
Gg2f1]} g5 24. Bf1 {[%cal Gb4b5]}) 23. e3 d5 24. Rc5 Rd6 25. Rec1 Rfd8 26. Bf1
Qe8 27. b5 $1 {Final brake!} axb5 28. Bxb5 Bxb5 29. Nxb5 Rxc6 30. Nxc7 Qd7 31.
Rxd5 Rxc7 32. Rxd7 Rdxd7 (32... Rcxd7 33. Qb4 {leads to the same result.}) 33.
Bd4 Nc6 34. Qa2+ Kh8 35. Qe6 Bxd4 (35... Bxd4 36. exd4 $1 Nxd4 37. Qf6+ Kg8 38.
Rxc7 Nf3+ 39. Kg2 Rxc7 40. Qd8+) 1-0